Estudo sobre as perforaçoes cardiacas (Record no. 49540)

MARC details
000 -LEADER
campo de control de longitud fija 00410nam a2200133 i 4500
001 - NÚMERO DE CONTROL
campo de control 49540
003 - IDENTIFICADOR DE NÚMERO DE CONTROL
campo de control ES-MaACL
007 - CAMPO FIJO DE DESCRIPCIÓN FÍSICA--INFORMACIÓN GENERAL
campo de control de longitud fija t|
008 - DATOS DE LONGITUD FIJA--INFORMACIÓN GENERAL
campo de control de longitud fija 030717s1868 po ||||1| por d
100 1# - ENTRADA PRINCIPAL--NOMBRE DE PERSONA
Nombre de persona Costa Alvarenga, Pedro Francisco da.
9 (RLIN) 41084
245 10 - MENCIÓN DEL TÍTULO
Título Estudo sobre as perforaçoes cardiacas
Resto del título : memoria... /
Mención de responsabilidad, etc. Pedro Francisco de Costa Alvarenga.
260 ## - PUBLICACIÓN, DISTRIBUCIÓN, ETC.
Lugar de publicación, distribución, etc. Lisbo :
Nombre del editor, distribuidor, etc. [s.n.],
Fecha de publicación, distribución, etc. 1868.
852 ## - LOCALIZACIÓN
Ubicación ES-MaACL
Número de control de estantería T-326-F-5
Holdings
Estatus retirado Estado de pérdida Estado de daño No para préstamo Colección Biblioteca de origen Biblioteca actual Ubicación en estantería Fecha de adquisición Fuente de adquisición Total de préstamos Signatura topográfica completa Código de barras Visto por última vez Precio de reemplazo Tipo de ítem Koha
        Colección de folletos Biblioteca del Ateneo de Madrid Biblioteca del Ateneo de Madrid Depósito folletos 17/01/2008     T-326-F-5 1052128 23/02/2023 23/02/2023 Folleto